Loading...
Fine Arts - Classical Music | 1 | 30.00 | 100% | 100% | 100% |
Fine Arts - Other Fine Arts | 2 | 15.00 | 100% | 50% | 0% |
Fine Arts - Painting & Sculpture | 1 | 20.00 | 100% | 100% | 0% |
History - American History | 1 | 20.00 | 100% | 100% | 0% |
History - European History | 1 | 20.00 | 100% | 100% | 0% |
History - Other History | 2 | 20.00 | 100% | 100% | 0% |
History - World History | 1 | 20.00 | 100% | 100% | 0% |
Literature - American Literature | 1 | 10.00 | 0% | 100% | 0% |
Literature - British Literature | 2 | 15.00 | 100% | 50% | 0% |
Literature - European Literature | 2 | 20.00 | 100% | 100% | 0% |
Literature - World Literature | 3 | 20.00 | 100% | 67% | 33% |
Mythology | 2 | 20.00 | 100% | 100% | 0% |
Other | 2 | 20.00 | 100% | 50% | 50% |
Science - Biology | 2 | 25.00 | 100% | 50% | 100% |
Science - Chemistry | 2 | 30.00 | 100% | 100% | 100% |
Science - Other Science | 3 | 13.33 | 100% | 33% | 0% |
Science - Physics | 1 | 20.00 | 100% | 100% | 0% |
Social Science | 1 | 10.00 | 100% | 0% | 0% |